| 000 | 00483nam a22001697a 4500 | ||
|---|---|---|---|
| 005 | 20251108172316.0 | ||
| 008 | 250721s1982 xx 000 0 ara d | ||
| 082 | 1 | 4 | _a811.962/جوي |
| 100 | 1 | _aجويدة، فاروق | |
| 245 | 1 | 0 | _aلأني أحبك / |
| 264 | 1 |
_aالقاهرة : _bدار غريب للطباعة و النشر و التوزيع، _c1982. |
|
| 300 | _a142ص | ||
| 650 | 1 | 7 | _aالشعر العربي |
| 650 | 1 | 7 | _aمصر |
| 942 |
_2ddc _cBK |
||
| 999 |
_c75796 _d75796 |
||